<?xml version="1.0" encoding="UTF-8"?>
<marc:record xmlns:marc="http://www.loc.gov/MARC21/slim" type="Bibliographic">
   <marc:leader>00000pam a2200000 c 4500</marc:leader>
   <marc:controlfield tag="001">965741702</marc:controlfield>
   <marc:controlfield tag="003">DE-101</marc:controlfield>
   <marc:controlfield tag="005">20171203133256.0</marc:controlfield>
   <marc:controlfield tag="007">tu</marc:controlfield>
   <marc:controlfield tag="008">021128s2003    gw ||||| |||| 00||||ger  </marc:controlfield>
   <marc:datafield ind1=" " ind2=" " tag="015">
      <marc:subfield code="a">03,A13,1524</marc:subfield>
      <marc:subfield code="z">03,N02,1402</marc:subfield>
      <marc:subfield code="2">dnb</marc:subfield>
   </marc:datafield>
   <marc:datafield ind1="7" ind2=" " tag="016">
      <marc:subfield code="2">DE-101</marc:subfield>
      <marc:subfield code="a">965741702</marc:subfield>
   </marc:datafield>
   <marc:datafield ind1=" " ind2=" " tag="020">
      <marc:subfield code="a">9783774257030</marc:subfield>
      <marc:subfield code="c">Pp. : EUR 19.90, sfr 33.60</marc:subfield>
      <marc:subfield code="9">978-3-7742-5703-0</marc:subfield>
   </marc:datafield>
   <marc:datafield ind1=" " ind2=" " tag="020">
      <marc:subfield code="a">3774257035</marc:subfield>
      <marc:subfield code="c">Pp. : EUR 19.90, sfr 33.60</marc:subfield>
      <marc:subfield code="9">3-7742-5703-5</marc:subfield>
   </marc:datafield>
   <marc:datafield ind1="3" ind2=" " tag="024">
      <marc:subfield code="a">9783774257030</marc:subfield>
   </marc:datafield>
   <marc:datafield ind1=" " ind2=" " tag="035">
      <marc:subfield code="a">(DE-599)DNB965741702</marc:subfield>
   </marc:datafield>
   <marc:datafield ind1=" " ind2=" " tag="035">
      <marc:subfield code="a">(OCoLC)76453327</marc:subfield>
   </marc:datafield>
   <marc:datafield ind1=" " ind2=" " tag="040">
      <marc:subfield code="a">1240</marc:subfield>
      <marc:subfield code="b">ger</marc:subfield>
      <marc:subfield code="c">DE-101</marc:subfield>
      <marc:subfield code="d">9999</marc:subfield>
   </marc:datafield>
   <marc:datafield ind1=" " ind2=" " tag="041">
      <marc:subfield code="a">ger</marc:subfield>
   </marc:datafield>
   <marc:datafield ind1=" " ind2=" " tag="044">
      <marc:subfield code="c">XA-DE</marc:subfield>
   </marc:datafield>
   <marc:datafield ind1=" " ind2=" " tag="084">
      <marc:subfield code="a">39</marc:subfield>
      <marc:subfield code="a">630</marc:subfield>
      <marc:subfield code="q">DE-101</marc:subfield>
      <marc:subfield code="2">sdnb</marc:subfield>
   </marc:datafield>
   <marc:datafield ind1=" " ind2=" " tag="084">
      <marc:subfield code="a">32.4</marc:subfield>
      <marc:subfield code="q">DE-101</marc:subfield>
      <marc:subfield code="2">sswd</marc:subfield>
   </marc:datafield>
   <marc:datafield ind1=" " ind2=" " tag="090">
      <marc:subfield code="a">b</marc:subfield>
   </marc:datafield>
   <marc:datafield ind1="0" ind2="0" tag="245">
      <marc:subfield code="a">Gartenblumen</marc:subfield>
      <marc:subfield code="b">so blühen sie am schönsten ... ; Porträts und Pflegeanleitungen beliebter Gartenblumen und attraktiver Grünfelder ; mit Gestaltungs-Ideen für große und kleine Gärten</marc:subfield>
      <marc:subfield code="c">Bernd Hertle ... Farbfotos Marion Nickig. Zeichn. György Jankovic. [Red.: Gisela Keil]</marc:subfield>
   </marc:datafield>
   <marc:datafield ind1=" " ind2=" " tag="250">
      <marc:subfield code="a">1. Aufl.</marc:subfield>
   </marc:datafield>
   <marc:datafield ind1=" " ind2=" " tag="259">
      <marc:subfield code="a">11</marc:subfield>
   </marc:datafield>
   <marc:datafield ind1=" " ind2="1" tag="264">
      <marc:subfield code="a">München</marc:subfield>
      <marc:subfield code="b">Gräfe und Unzer</marc:subfield>
      <marc:subfield code="c">2003</marc:subfield>
   </marc:datafield>
   <marc:datafield ind1=" " ind2=" " tag="300">
      <marc:subfield code="a">240 S.</marc:subfield>
      <marc:subfield code="b">zahlr. Ill.</marc:subfield>
      <marc:subfield code="c">27 cm</marc:subfield>
   </marc:datafield>
   <marc:datafield ind1=" " ind2=" " tag="336">
      <marc:subfield code="a">Text</marc:subfield>
      <marc:subfield code="b">txt</marc:subfield>
      <marc:subfield code="2">rdacontent</marc:subfield>
   </marc:datafield>
   <marc:datafield ind1=" " ind2=" " tag="336">
      <marc:subfield code="a">unbewegtes Bild</marc:subfield>
      <marc:subfield code="b">sti</marc:subfield>
      <marc:subfield code="2">rdacontent</marc:subfield>
   </marc:datafield>
   <marc:datafield ind1=" " ind2=" " tag="337">
      <marc:subfield code="a">ohne Hilfsmittel zu benutzen</marc:subfield>
      <marc:subfield code="b">n</marc:subfield>
      <marc:subfield code="2">rdamedia</marc:subfield>
   </marc:datafield>
   <marc:datafield ind1=" " ind2=" " tag="338">
      <marc:subfield code="a">Band</marc:subfield>
      <marc:subfield code="b">nc</marc:subfield>
      <marc:subfield code="2">rdacarrier</marc:subfield>
   </marc:datafield>
   <marc:datafield ind1="0" ind2=" " tag="490">
      <marc:subfield code="a">Der grosse GU-Pflanzenratgeber</marc:subfield>
   </marc:datafield>
   <marc:datafield ind1=" " ind2="7" tag="650">
      <marc:subfield code="0">(DE-588)4124907-0</marc:subfield>
      <marc:subfield code="0">http://d-nb.info/gnd/4124907-0</marc:subfield>
      <marc:subfield code="0">(DE-101)041249070</marc:subfield>
      <marc:subfield code="a">Gartenblume</marc:subfield>
      <marc:subfield code="2">gnd</marc:subfield>
   </marc:datafield>
   <marc:datafield ind1=" " ind2=" " tag="653">
      <marc:subfield code="a">(VLB-PF)BB: Gebunden</marc:subfield>
   </marc:datafield>
   <marc:datafield ind1=" " ind2="7" tag="655">
      <marc:subfield code="0">(DE-588)4048476-2</marc:subfield>
      <marc:subfield code="0">http://d-nb.info/gnd/4048476-2</marc:subfield>
      <marc:subfield code="0">(DE-101)040484769</marc:subfield>
      <marc:subfield code="a">Ratgeber</marc:subfield>
      <marc:subfield code="2">gnd-content</marc:subfield>
   </marc:datafield>
   <marc:datafield ind1=" " ind2="7" tag="655">
      <marc:subfield code="a">Ratgeber</marc:subfield>
      <marc:subfield code="2">gnd</marc:subfield>
   </marc:datafield>
   <marc:datafield ind1="0" ind2="0" tag="689">
      <marc:subfield code="0">(DE-588)4124907-0</marc:subfield>
      <marc:subfield code="0">http://d-nb.info/gnd/4124907-0</marc:subfield>
      <marc:subfield code="0">(DE-101)041249070</marc:subfield>
      <marc:subfield code="D">s</marc:subfield>
      <marc:subfield code="a">Gartenblume</marc:subfield>
   </marc:datafield>
   <marc:datafield ind1="0" ind2="1" tag="689">
      <marc:subfield code="A">f</marc:subfield>
      <marc:subfield code="a">Ratgeber</marc:subfield>
   </marc:datafield>
   <marc:datafield ind1="0" ind2=" " tag="689">
      <marc:subfield code="5">DE-101</marc:subfield>
      <marc:subfield code="5">DE-101</marc:subfield>
   </marc:datafield>
   <marc:datafield ind1="1" ind2=" " tag="700">
      <marc:subfield code="0">(DE-588)1018257918</marc:subfield>
      <marc:subfield code="0">http://d-nb.info/gnd/1018257918</marc:subfield>
      <marc:subfield code="0">(DE-101)1018257918</marc:subfield>
      <marc:subfield code="a">Hertle, Bernd</marc:subfield>
      <marc:subfield code="d">1962-</marc:subfield>
      <marc:subfield code="e">Mitwirkender</marc:subfield>
      <marc:subfield code="4">ctb</marc:subfield>
   </marc:datafield>
   <marc:datafield ind1="1" ind2=" " tag="700">
      <marc:subfield code="0">(DE-588)119183013</marc:subfield>
      <marc:subfield code="0">http://d-nb.info/gnd/119183013</marc:subfield>
      <marc:subfield code="0">(DE-101)119183013</marc:subfield>
      <marc:subfield code="a">Nickig, Marion</marc:subfield>
      <marc:subfield code="d">1955-</marc:subfield>
      <marc:subfield code="e">Mitwirkender</marc:subfield>
      <marc:subfield code="4">ctb</marc:subfield>
   </marc:datafield>
   <marc:datafield ind1="1" ind2=" " tag="700">
      <marc:subfield code="0">(DE-588)12442659X</marc:subfield>
      <marc:subfield code="0">http://d-nb.info/gnd/12442659X</marc:subfield>
      <marc:subfield code="0">(DE-101)12442659X</marc:subfield>
      <marc:subfield code="a">Keil, Gisela</marc:subfield>
      <marc:subfield code="e">Herausgeber</marc:subfield>
      <marc:subfield code="4">edt</marc:subfield>
   </marc:datafield>
   <marc:datafield ind1=" " ind2=" " tag="850">
      <marc:subfield code="a">DE-101a</marc:subfield>
      <marc:subfield code="a">DE-101b</marc:subfield>
   </marc:datafield>
   <marc:datafield ind1="r" ind2=" " tag="925">
      <marc:subfield code="a">ra</marc:subfield>
   </marc:datafield>
</marc:record>
